| 000 | 00931nam a2200217Ia 4500 | ||
|---|---|---|---|
| 999 |
_c38953 _d38953 |
||
| 001 | 5399 | ||
| 003 | GE_BSU | ||
| 005 | 20191022171101.0 | ||
| 008 | 181216s2010||||ge |||||||||||||| ||geo|| | ||
| 040 | _cGE_BSU | ||
| 041 | _ageo | ||
| 080 | _a811.353.1'282 ა-97 | ||
| 245 |
_aაჭარული დიალექტის დარგობრივი ლექსიკა : _bკრ. 11 / |
||
| 264 |
_aბათუმი : _bშოთა რუსთაველის სახ უნ–ტი, _c2010. |
||
| 300 |
_a151 გვ. ; _b20 სმ. |
||
| 500 | _aკრებული ეძღვნება გამოჩენილი მეცნიერის ჯემალ ნოღაიდელის ხსოვნას | ||
| 600 |
_aნოღაიდელი, ჯემალ _9114 |
||
| 653 | _aაჭარული დიალექტი | ||
| 653 | _aლექსიკა | ||
| 942 |
_cBK _2udc |
||